000 00400nam a2200169Ia 4500
001 31850
003 IN-NITTTR
005 20251114233425.0
008 251113s9999||||xx |||||||||||||| ||eng||
040 _beng
040 _cIN-NITTTR
041 _aeng
082 _a910.9 G69H
100 _aGosal, Gurdev Singh
245 0 _aHistory of geographic thought /
_cGosal, Gurdev Singh
942 _2ddc
_cBK
999 _c34480
_d34480